| 000 | 00872nam a2200253 i 4500 | ||
|---|---|---|---|
| 001 | 186596 | ||
| 003 | SpMaBN | ||
| 005 | 20231228062704.0 | ||
| 008 | 161202s1951 sp ao |||| | spa d | ||
| 080 | _a616.831.43-008.64 | ||
| 100 | 1 |
_aCervera-Pino, J. _9140606 |
|
| 245 | 1 | 0 |
_aSíndromes adiposogenitales : _b(modernos conceptos sobre etiopatogenia, clínica y tratamiento) / _cJ. Cervera-Pino ; prólogo del Prof. G. Marañón. |
| 250 | _a1ª ed. | ||
| 260 |
_a[Barcelona] : _bJosé Janés, _c1951. |
||
| 300 |
_aXI p., 237 p. : _bil. ; _c22 cm. |
||
| 490 | 1 | _aPublicaciones médicas | |
| 504 | _aBibliografía: p. [215]-229. | ||
| 650 | 4 |
_aEndocrinología. _9144424 |
|
| 650 | 4 |
_aHipófisis. _9144466 |
|
| 700 | 1 |
_aMarañón, Gregorio, _d1887-1960 _976311 |
|
| 830 | 1 |
_aPublicaciones médicas _9181357 |
|
| 852 | 4 |
_aES-MaACL _jL-30980 |
|
| 999 |
_c186596 _d186596 |
||